Hydraulics and Hydraulic Machines (Record no. 19024)
[ view plain ]
| 000 -LEADER | |
|---|---|
| fixed length control field | 00412nam a22001697a 4500 |
| 003 - CONTROL NUMBER IDENTIFIER | |
| control field | OSt |
| 008 - FIXED-LENGTH DATA ELEMENTS--GENERAL INFORMATION | |
| fixed length control field | 250113b |||||||| |||| 00| 0 eng d |
| 041 ## - LANGUAGE CODE | |
| Language code of text/sound track or separate title | eng |
| 082 ## - DEWEY DECIMAL CLASSIFICATION NUMBER | |
| Classification number | 621.2 |
| Item number | SAR/HY |
| 100 ## - MAIN ENTRY--AUTHOR NAME | |
| Personal name | Sarao, AS |
| 245 ## - TITLE STATEMENT | |
| Title | Hydraulics and Hydraulic Machines |
| 250 ## - EDITION STATEMENT | |
| Edition statement | 4th Reprint |
| 260 ## - PUBLICATION, DISTRIBUTION, ETC. (IMPRINT) | |
| Place of publication | New Delhi: |
| Name of publisher | Sathya Prakashan, |
| Year of publication | 1985. |
| 300 ## - PHYSICAL DESCRIPTION | |
| Number of Pages | 335p. |
| 700 ## - ADDED ENTRY--PERSONAL NAME | |
| Personal name | Khosla, DS |
| 942 ## - ADDED ENTRY ELEMENTS (KOHA) | |
| Koha item type | Books |
| Withdrawn status | Lost status | Damaged status | Home library | Current library | Date acquired | Cost, normal purchase price | Full call number | Accession Number | Koha item type | Source of acquisition |
|---|---|---|---|---|---|---|---|---|---|---|
| KAUAET | KAUAET | 13/01/2025 | 25.00 | 621.2 SAR/HY | 15227 | Books | ||||
| KAUAET | KAUAET | 13/01/2025 | 25.00 | 621.2 SAR/HY | 15229 | Books | ||||
| KAUAET | KAUAET | 13/01/2025 | 25.00 | 621.2 SAR/HY | 15230 | Books | Standard Book House, Thrissur. |
